Functional analysis of information networks (Record no. 44092)

MARC details
000 -LEADER
fixed length control field 00576nam a2200145 a 4500
008 - FIXED-LENGTH DATA ELEMENTS--GENERAL INFORMATION
fixed length control field 120416s1973 ||||||||||||||||| || u
050 ## - LIBRARY OF CONGRESS CALL NUMBER
Classification number TK 5102.5 Bec
100 ## - MAIN ENTRY--PERSONAL NAME
Personal name Becker, Hal B
245 10 - TITLE STATEMENT
Title Functional analysis of information networks
246 ## - VARYING FORM OF TITLE
Title proper/short title A structured approach to the data communications environment
260 ## - PUBLICATION, DISTRIBUTION, ETC.
Place of publication, distribution, etc. New York
Name of publisher, distributor, etc. John Wiley and Sons
Date of publication, distribution, etc. (1973)
300 ## - PHYSICAL DESCRIPTION
Extent xiii, 281p. : ill.
350 ## - PRICE (NR) (BK AM CF MU VM SE) [OBSOLETE]
Price 0.00
995 ## - RECOMMENDATION 995 [LOCAL, UNIMARC FRANCE]
-- 0.00
-- CBU-MAIN LIBRARY (Kitwe)
-- 1
-- 0.00
-- AVAILABLE
-- Main Library Open Access Collection
Holdings
Withdrawn status Lost status Source of classification or shelving scheme Damaged status Not for loan Home library Current library Shelving location Date acquired Total Checkouts Full call number Barcode Date last seen Price effective from Koha item type
          CBU-MAIN LIBRARY, KITWE. CBU-MAIN LIBRARY, KITWE.   11/30/2022   TK 5102.5 Bec 017362 11/30/2022 11/30/2022 MONOGRAPH